Tokei Nihon keizai bunseki /

Saved in:
Bibliographic Details
Corporate Author: Tōkei Shihyō Kenkyūkai.
Format: Book
Language:Japanese
Published: Tōkyō : Shin Nihon Shuppansha, 1977-1978.
Subjects:
Tags: Add Tag
No Tags, Be the first to tag this record!
LEADER 00897nam a2200265 a 4500
001 007765716-0
005 20024617120653.0
008 930105m19771978ja a b 000 0 jpn d
010 |a 78803132 /J 
015 |a Ja77-25853 (v. 1) 
035 0 |a ocm27198146 
040 |a OBgU  |c OBgU  |d NIC  |d *YNH*  |d CStRLIN 
043 |a a-ja--- 
050 0 |a HC462.9  |b .T595 
245 0 0 |6 880-01  |a Tokei Nihon keizai bunseki /  |c Tōkei Shihyō Kenkyūkai. 
260 |6 880-02  |a Tōkyō :  |b Shin Nihon Shuppansha,  |c 1977-1978. 
300 |a 2 v. :  |b ill. ;  |c 21 cm. 
504 |a Includes bibliographies. 
651 0 |a Japan  |x Economic conditions  |x Statistics. 
710 2 |6 880-03  |a Tōkei Shihyō Kenkyūkai. 
880 0 0 |6 245-01  |a 統計日本経済分析 /  |c 統計指標研究会. 
880 |6 260-02  |a 東京 :  |b 新日本出版社,  |c 1977-1978. 
880 2 |6 710-03  |a 統計指標研究会. 
988 |a 20021217 
906 |0 OCLC